| Tag |
First Indicator |
Second Indicator |
Subfields |
| LEADER |
00000cam a2200000 4500 |
| 001 |
in00001583113 |
| 005 |
20220103182611.0 |
| 006 |
m u |
| 007 |
cr cn||||||||| |
| 008 |
001008s1991 oku sb s001 0 eng |
| 010 |
|
|
|z 91002516
|
| 020 |
|
|
|a 058516939X (electronic bk.) :
|c $16.95
|
| 020 |
|
|
|z 0806123583 (alk. paper)
|
| 020 |
|
|
|z 0806123834
|
| 035 |
|
|
|a 15159
|b (N$T)
|
| 035 |
|
|
|a nL15159
|
| 040 |
|
|
|a N$T
|c N$T
|d UtOrBLW
|
| 050 |
1 |
0 |
|a PN771
|b .B38 1991eb
|
| 082 |
0 |
4 |
|a 801/.959/0904
|2 20
|
| 100 |
1 |
|
|a Benstock, Shari,
|d 1944-
|0 http://id.loc.gov/authorities/names/n79086071
|
| 245 |
1 |
0 |
|a Textualizing the feminine :
|b on the limits of genre /
|c by Shari Benstock.
|
| 264 |
|
1 |
|a Norman :
|b University of Oklahoma Press,
|c [1991]
|
| 264 |
|
4 |
|c ©1991
|
| 300 |
|
|
|a xxx, 249 pages ;
|c 23 cm.
|
| 336 |
|
|
|a text
|b txt
|2 rdacontent
|
| 337 |
|
|
|a computer
|b c
|2 rdamedia
|
| 338 |
|
|
|a online resource
|b cr
|2 rdacarrier
|
| 490 |
1 |
|
|a Oklahoma project for discourse and theory ;
|v v. 7
|
| 504 |
|
|
|a Includes bibliographical references (pages 231-242) and index.
|
| 533 |
|
|
|a Electronic reproduction.
|b Boulder, Colo. :
|c NetLibrary,
|d 2000.
|n Available via World Wide Web.
|n Access may be limited to NetLibrary affiliated libraries.
|
| 500 |
|
|
|a Electronic resource.
|
| 650 |
|
0 |
|a Literature, Modern
|y 20th century
|x History and criticism
|x Theory, etc.
|0 http://id.loc.gov/authorities/subjects/sh2009129936
|
| 650 |
|
0 |
|a Femininity in literature.
|0 http://id.loc.gov/authorities/subjects/sh94004221
|
| 650 |
|
0 |
|a Psychoanalysis and literature.
|0 http://id.loc.gov/authorities/subjects/sh85108417
|
| 650 |
|
0 |
|a Authorship
|x Sex differences.
|0 http://id.loc.gov/authorities/subjects/sh2008117583
|
| 650 |
|
0 |
|a Feminism and literature.
|0 http://id.loc.gov/authorities/subjects/sh85047747
|
| 650 |
|
0 |
|a Literary form.
|0 http://id.loc.gov/authorities/subjects/sh85077490
|
| 655 |
|
0 |
|a Electronic books.
|
| 710 |
2 |
|
|a NetLibrary, Inc.
|0 http://id.loc.gov/authorities/names/no99080690
|
| 776 |
0 |
|
|c Original
|w (DLC) 91002516
|
| 830 |
|
0 |
|a Oklahoma project for discourse and theory ;
|v v. 7.
|0 http://id.loc.gov/authorities/names/n86739091
|
| 856 |
4 |
1 |
|u https://proxy.library.tamu.edu/login?url=http://www.netLibrary.com/urlapi.asp?action=summary&v=1&bookid=15159
|z Connect to the full text of this electronic book
|t 0
|
| 999 |
|
|
|a MARS
|
| 999 |
f |
f |
|s f0586668-8a7a-38fa-bb0f-e4c0b653201f
|i 943c874d-fe63-3e65-b197-4f7b1dc658f4
|t 0
|
| 952 |
f |
f |
|a Texas A&M University
|b College Station
|c Electronic Resources
|d Available Online
|t 0
|e PN771 .B38 1991eb
|h Library of Congress classification
|
| 998 |
f |
f |
|a PN771 .B38 1991eb
|t 0
|l Available Online
|